000 00492nam a22001817a 4500
999 _c523441
_d523441
003 NUST
020 _a9789697576463
038 _awaseem
082 _a297.272
_bHAS
100 _aHassan Ul Ameen
_913781
245 _aPost Islam Izzam /
_cHassan Ul Ameen
260 _aIslamabad :
_bInternational Islamic University,
_c2019.
300 _a160 p. ;
500 _aPaperback.
880 _6100-02\r
_aحسن الامین
880 _6245-02\r
_aپوسٹ اسلام ازم
942 _2ddc
_cBK